Music Quiz

Random Music or Song Quiz

Beastie Boys Songs Quiz Stats

 Plays Quiz Updated Apr 3, 2020

     
Support Sporcle.
Go Orange.
Score 0/133 Timer 10:00
0 Plays Today
Album Song % Correct
Licensed to IllFight for Your Right
82%
Ill CommunicationSabotage
71.6%
Hello NastyIntergalactic
66.4%
Licensed to IllNo Sleep 'Till Brooklyn
66.3%
Licensed to IllBrass Monkey
63.1%
Licensed to IllGirls
59.7%
Licensed to IllPaul Revere
55.3%
Paul's BoutiqueHey Ladies
41.3%
Ill CommunicationSure Shot
40%
Check Your HeadSo What'cha Want
36.9%
Paul's BoutiqueShake Your Rump
32.3%
Licensed to IllRhymin' & Stealin'
32.2%
Hello NastyBody Movin'
31.8%
To the 5 BoroughsCh-Check It Out
31.3%
Licensed to IllShe's Crafty
30.2%
Paul's BoutiqueEgg Man
30%
Licensed to IllTime to Get Ill
29.1%
Check Your HeadPass the Mic
27.8%
Paul's BoutiqueShadrach
27.2%
Licensed to IllHold It Now, Hit It
27.1%
Ill CommunicationRoot Down
27%
Licensed to IllSlow and Low
26.2%
Licensed to IllThe New Style
26.1%
Hot Sauce Committee Part 2Make Some Noise
22.8%
Paul's BoutiqueTo All the Girls
22.6%
Hello NastyThree MC's and One DJ
22.6%
Check Your HeadJimmy James
22.3%
Paul's BoutiqueThe Sounds of Science
22.2%
Check Your HeadGratitude
21.6%
Paul's BoutiqueJohnny Ryall
21.5%
Paul's BoutiqueLooking Down the Barrel of a Gun
21.5%
Ill CommunicationGet It Together
20.5%
Paul's BoutiqueHigh Plains Drifter
19.8%
Ill CommunicationFlute Loop
19.4%
Hello NastyRemote Control
19.4%
Licensed to IllPosse in Effect
18.7%
Licensed to IllSlow Ride
18.5%
To the 5 BoroughsTriple Trouble
18%
Paul's BoutiqueB-Boy Bouillabaisse
18%
Paul's BoutiqueCar Thief
17.9%
Ill CommunicationHeart Attack Man
17.5%
Check Your HeadProfessor Booty
17.4%
Hello NastySuper Disco Breakin'
17.3%
Paul's Boutique5-Piece Chicken Dinner
16.7%
Check Your HeadThe Biz vs. The Nuge
16.1%
Album Song % Correct
Check Your HeadFunky Boss
15.9%
To the 5 BoroughsAn Open Letter to NYC
15.3%
Paul's BoutiqueAsk for Janice
15.1%
Check Your HeadFinger Lickin' Good
15%
Paul's Boutique3-Minute Rule
14.8%
Ill CommunicationSabrosa
14.6%
Ill CommunicationB-Boys Makin' with the Freak Freak
14.5%
Hot Sauce Committee Part 2Too Many Rappers
13.8%
Check Your HeadNamaste
13.8%
Check Your HeadTime for Livin'
13.5%
Ill CommunicationTough Guy
13.5%
Hello NastyThe Move
13%
Hello NastyThe Negotiation Limerick File
12.3%
Paul's BoutiqueWhat Comes Around
12.2%
Ill CommunicationBodhisattva Vow
11.8%
To the 5 BoroughsHey **** You
11.8%
Check Your HeadSomething's Got to Give
11.4%
Hello NastySong for the Man
11.4%
To the 5 BoroughsRight Right Now Now
11.3%
Ill CommunicationDo It
10.9%
Check Your HeadThe Maestro
10.8%
Check Your HeadPOW
10.7%
Check Your HeadIn 3's
10.7%
Hot Sauce Committee Part 2Don't Play No Game That I Can't Win
10.7%
Ill CommunicationShambala
10.5%
Check Your HeadThe Blue Nun
10.2%
Check Your HeadLive At P.J.'s
10%
Hello NastyElectrify
10%
Ill CommunicationBobo on the Corner
9.7%
Check Your HeadGroove Holmes
9.6%
Hello NastyAnd Me
9.5%
Hello NastyI Don't Know
9.5%
To the 5 Boroughs3 the Hard Way
9.4%
Hello NastyUnite
9.2%
Hot Sauce Committee Part 2Ok
9.1%
To the 5 BoroughsCrawlspace
9.1%
Ill CommunicationFutterman's Rule
9%
Hello NastyInstant Death
9%
Check Your HeadMark on the Bus
9%
Hello NastySneakin' Out the Hospital
8.9%
Check Your HeadLighten Up
8.9%
Check Your HeadStand Together
8.9%
Hello NastyDr. Lee, PhD
8.6%
Hello NastySong for Junior
8.3%
Ill CommunicationRicky's Theme
8.3%
Album Song % Correct
To the 5 BoroughsThe Brouhaha
8.1%
To the 5 BoroughsShazam!
8%
Ill CommunicationEugene's Lament
7.7%
To the 5 BoroughsOh Word?
7.7%
Hot Sauce Committee Part 2Say It
7.7%
Hello NastyJust a Test
7.6%
To the 5 BoroughsRhyme the Rhyme Well
7.6%
Ill CommunicationTransitions
7.6%
Ill CommunicationAlright Hear This
7.4%
Hello NastyPutting Shame in Your Game
7.3%
To the 5 BoroughsWe Got The
7%
The Mix UpElectric Worm
7%
Ill CommunicationThe Update
7%
Hot Sauce Committee Part 2Funky Donkey
6.9%
To the 5 BoroughsTime to Build
6.7%
Ill CommunicationThe Scoop
6.6%
To the 5 BoroughsAll Lifestyles
6.6%
Hot Sauce Committee Part 2Crazy *** ****
6.2%
To the 5 BoroughsThat's It That's All
5.9%
Hot Sauce Committee Part 2Nonstop Disco Powerpack
5.8%
Hot Sauce Committee Part 2The Lisa Lisa / Full Force Routine
5.8%
Hello NastyFlowin' Prose
5.6%
The Mix UpOff the Grid
5.6%
Hot Sauce Committee Part 2Tadlock's Glasses
5.5%
Hello NastyDedication
5.5%
Hot Sauce Committee Part 2Lee Majors Come Again
5.4%
The Mix UpB for My Name
4.8%
The Mix UpThe Kangaroo Rat
4.8%
The Mix UpFreaky Hijiki
4.6%
Hello NastyPicture This
4.6%
Hot Sauce Committee Part 2Long Burn the FIre
4.5%
Hot Sauce Committee Part 2Multilateral Nuclear Disarmament
4.2%
The Mix UpThe Cousin of Death
4.2%
Hot Sauce Committee Part 2Here's a Little Something For Ya
4%
Hot Sauce Committee Part 2The Larry Routine
3.9%
The Mix UpThe Rat Cage
3.7%
Hot Sauce Committee Part 2The Bill Harper Collection
3.4%
Hello NastyThe Grasshopper Movement (Keep Movin')
3%
The Mix UpSuco de Tangerina
2.5%
The Mix UpThe Gala Event
2.5%
The Mix Up14th St. Break
2.3%
The Mix UpThe Melee
2.2%
The Mix UpDramastically Different
1.7%

From the Vault

Which Province: Canadian Landmarks

by alvir28

Don't worry, territories. You're included too.
Remove Ads.
Support Sporcle.
Get the best of Sporcle when you Go Orange. This ad-free experience offers more features, more stats, and more fun while also helping to support Sporcle. Thank you for becoming a member.

Show Comments

Extras

Top Quizzes Today


Score Distribution

Your Account Isn't Verified!

In order to create a playlist on Sporcle, you need to verify the email address you used during registration. Go to your Sporcle Settings to finish the process.

Report this User

Report this user for behavior that violates our Community Guidelines.

Details: